ბათუმის შოთა რუსთაველის სახელმწიფო უნივერსიტეტის ბიბლიოთეკა

გაუგებრობა მოსკოვში / (ბიბ.ჩანაწერი № 61624)

000 -ლიდერი
ფიქსირებული სიგრძის საკონტროლო ველი 01398nam a22002297a 4500
003 - საკონტროლო ნომრის იდენტიფიკატორი
საკონტროლო ველი Ge_BSU
005 - ბოლო ოპერაციის თარიღი და დრო
საკონტროლო ველი 20240401172900.0
008 - ფიქსირებული სიგრძის მონაცემთა ელემენტები - ზოგადი ინფორმაცია
ფიქსირებული სიგრძის საკონტროლო ველი 240401s2022 ge ||||| |||| 00| 0 geo d
020 ## - წიგნის საერთაშორისო სტანდარტული ნომერი
International Standard Book Number 9789941968570
041 ## - ენის კოდი
Language code of text/sound track or separate title geo
080 ## - უნივერსალური ათობითი კლასიფიკაციის ინდექსი
Universal Decimal Classification number 821.133.1=821.353.1 ბ-82
100 ## - მთავარი ჩანაწერი - პიროვნების სახელი
Personal name ბოვუარი, სიმონ დე
9 (RLIN) 7129
245 ## - ცნობა სათაურის შესახებ
Title გაუგებრობა მოსკოვში /
Statement of responsibility, etc სიმონ დე ბოვუარი; მთარგმნელი გ. ძნელაძე; რედაქტორი შ. ნიბლაძე; გარეკანის დიზაინერი ე. ვარამაშვილი.
264 ## - წარმოების, გამოცემის, დისტრიბუციის და სხვა ცნობები
გამოცემის, წარმოების, დისტრიბუციის... ადგილი თბილისი :
გამოცემის, წარმოების, დისტრიბუციის... სახელწოდება საგა,
გამოცემის, წარმოების, დისტრიბუციის... თარიღი 2022
300 ## - ფიზიკური აღწერა
Extent 120 გვ. ;
Other physical details 20 სმ.
500 ## - ზოგადი შენიშვნა
General note წიგნი გამოიცა ფრანგული ინსტიტუტის საგამომცემლო დახმარების პროგრამის ხელშეწყობით
653 ## - INDEX TERM--UNCONTROLLED
Uncontrolled term მხატვრული ლიტერატურა
700 ## - ADDED ENTRY--PERSONAL NAME
Personal name ძნელაძე, გ.
Relator term მთარგმნელი
9 (RLIN) 15984
700 ## - ADDED ENTRY--PERSONAL NAME
Personal name ნიბლაძე, შორენა
Relator term რედაქტორი
9 (RLIN) 21663
700 ## - ADDED ENTRY--PERSONAL NAME
Personal name ვარამაშვილი, ე.
Relator term გარეკანის დიზაინი
9 (RLIN) 21664
942 ## - ADDED ENTRY ELEMENTS (KOHA)
Source of classification or shelving scheme
Koha item type წიგნი
ეგზემპლარები
ჩამოწერის სტატუსი დაკარგული ეგზემპლარის სტატუსი კლასიფიკაციის წყარო ან თაროზე გაწყობის სქემა დაზიანების სტატუსი არ გაიცემა მუდმივი მდებარეობა (დაცვის ადგილი) ამჟამინდელი ადგილსამყოფელი თაროზე განთავსების ადგილი შეძენის თარიღი ღირებულება, შესყიდვის ნორმალური ფასი სრული შენახვის შიფრი შტრიხკოდი ბოლო ოპერაციის თარიღი ეგზემპლარის მიმდევრობითი ნომერი (კეტერი?) Uniform Resource Identifier ფასის ძალაში შესვლის თარიღი ეგზემპლარის სახეობა საჯარო შენიშვნა
          ბათუმის შოთა რუსთაველის სახელმწიფო უნივერსიტეტის მთავარი ბიბლიოთეკა ბათუმის შოთა რუსთაველის სახელმწიფო უნივერსიტეტის მთავარი ბიბლიოთეკა წიგნსაცავი 2024-04-01 6.00 821.133.1=821.353.1 ბ-82 67767 2024-04-01 67767 ნაჩუქარი 2024-04-01 წიგნი 6 ლ.